Hija de la fortuna

Hija de la fortuna, quinta novela de Isabel Allende, narra la historia de Eliza, una joven quien en su infancia fue abandonada y adoptada por una familia de hermanos, los Sommers, migrantes ingleses asentados en Valparaíso, Chile. La obra expone la travesía de la protagonista y sus bienaventuranzas...

Fuld beskrivelse

Guardado en:
Bibliografiske detaljer
Hovedforfatter: Allende, Isabel
Format: Bog
Sprog:Undetermined
Udgivet: Barcelona, España Plaza y Janés editores 1999
Udgivelse:3
Fag:
Tags: Tilføj Tag
Ingen Tags, Vær først til at tagge denne postø!

MARC

LEADER 00000nam a2200000Ia 4500
008 170316s9999 xx 000 0 und d
040 |a cru BVZT 
090 |a 860 A-13h 
100 |a Allende, Isabel  |9 1010 
245 |a Hija de la fortuna  |c  / Isabel Allende 
250 |a 3 
260 |a Barcelona, España  |b Plaza y Janés editores  |c 1999 
300 |a 429 páginas 
520 |a Hija de la fortuna, quinta novela de Isabel Allende, narra la historia de Eliza, una joven quien en su infancia fue abandonada y adoptada por una familia de hermanos, los Sommers, migrantes ingleses asentados en Valparaíso, Chile. La obra expone la travesía de la protagonista y sus bienaventuranzas en California, USA, durante la época de la fiebre del oro, en busca de su amado Joaquín. Sin embargo, dicho viaje se convierte en toda una experiencia de auto-conocimiento y encuentro consigo misma, descubriendo su amor por la libertad. 
650 |a LITERATURA LATINOAMERICANA  |9 15 
650 |a NOVELA  |9 13 
999 |c 8300  |d 8300 
942 |c 15 D  |h 860 A-13h  |2 z